00354nam a2200157Ia 4500008004000000020001800040082001300058100001700071245002600088260001900114300001100133650000700144650001500151650001200166700001800178210210b1988 xxu||||| |||| 00| 0 eng d a0 85226 240 X a588 CHOB aCHOPRA (R N) aBiology of bryophytes aMadrasbc1988 axi,350 aof aBryophytes aBiology aKUMARA (P K).